000 00634nam a2200145Ia 4500
008 100204s9999 xx 000 0 und d
082 _b13880
100 _aरानडे फिरोज
245 _aकाही दिवस श्यामचे काही दिवस राधाचे
260 _b"राजहंस प्रकाशन , पुणे"
_c1983
300 _a176
630 _aकाही दिवस श्यामचे काही दिवस राधाचे
730 _aकाही दिवस श्यामचे काही दिवस राधाचे
942 _cBOOK
999 _c458311
_d458308